|
|
|
|
| LEADER |
00000nam0a2200000 4500 |
| 001 |
300532 |
| 005 |
20231102001318.0 |
| 035 |
|
|
|a (RuTPU)RU\TPU\book\325685
|
| 090 |
|
|
|a 300532
|
| 100 |
|
|
|a 20150710d1982 km y0rusy50 ca
|
| 101 |
0 |
|
|a rus
|
| 102 |
|
|
|a RU
|
| 105 |
|
|
|a y z 000zy
|
| 200 |
1 |
|
|a Требования к комплексному изучению месторождений и подсчету запасов попутных полезных ископаемых и компонентов
|f СССР, Государственная комиссия по запасам полезных ископаемых (ГКЗ) ; под ред. А. М. Быбочкина
|
| 210 |
|
|
|a Москва
|c [Б. и.]
|d 1982
|
| 215 |
|
|
|a 20 с.
|
| 606 |
1 |
|
|a Месторождения полезных ископаемых
|x Оценка
|2 stltpush
|3 (RuTPU)RU\TPU\subj\42239
|9 61926
|
| 610 |
1 |
|
|a комплексное изучение
|
| 610 |
1 |
|
|a подсчет запасов
|
| 610 |
1 |
|
|a попутные полезные ископаемые
|
| 610 |
1 |
|
|a требования
|
| 610 |
1 |
|
|a минеральное сырье
|
| 610 |
1 |
|
|a компоненты
|
| 675 |
|
|
|a 553.042
|v 3
|
| 702 |
|
1 |
|a Быбочкин
|b А. М.
|4 340
|
| 712 |
0 |
1 |
|a СССР
|b Государственная комиссия по запасам полезных ископаемых (ГКЗ)
|c (Москва)
|c (1954-1991)
|2 stltpush
|3 (RuTPU)RU\TPU\col\20072
|
| 801 |
|
1 |
|a RU
|b 63413507
|c 20150710
|
| 801 |
|
2 |
|a RU
|b 63413507
|c 20190318
|g RCR
|
| 942 |
|
|
|c BK
|